Normal view
MARC view
Entry Geographic Name
001 - CONTROL NUMBER
- control field: 812349
003 - CONTROL NUMBER IDENTIFIER
- control field:
005 - DATE AND TIME OF LATEST TRANSACTION
- control field: 20210627061238.0
008 - FIXED-LENGTH DATA ELEMENTS
- fixed length control field: 210627|| aca||aabn | a|a d
040 ## - CATALOGING SOURCE
- Original cataloging agency:
- Transcribing agency:
151 ## - HEADING--GEOGRAPHIC NAME
- Geographic name: Dominican Republic
- General subdivision: Commercial policy
- General subdivision: Review
- Chronological subdivision: 1996
670 ## - SOURCE DATA FOUND
- Source citation: Work cat.: ()679367: World Trade Organizations (Geneva) 812345, Trade policy review:, 1996.
